Missing Word: Shared LOTR & Harry Potter Quiz Stats

 Plays Quiz Updated Jan 29, 2019

Support Sporcle.
Go Orange.
Score 0/18 Timer 05:00
0 Plays Today
Lord of the Rings chapter Word % Correct
A Knife in the ____Dark
93.7%
____ Is CompanyThree
92.5%
The Window ___ the WestOn
91.9%
In the ____ of Tom BombadilHouse
85.2%
The Old ____Forest
82.7%
The ____ of GaladrielMirror
82.6%
The ____ PoolForbidden
80.6%
Journey to the ____-roadsCross
78.5%
___ Herbs and Stewed RabbitOf
78%
Lord of the Rings chapter Word % Correct
The Choices of ____ SamwiseMaster
75%
The ____ of the Pelennor FieldsBattle
69.6%
A ____ in the DarkJourney
66.1%
A Long-expected ____Party
65.8%
___ the Sign of the Prancing PonyAt
62.2%
The Black Gate Is ____Closed
60.5%
____ to the FordFlight
54.3%
The ____ of Cirith UngolTower
53.4%
The ____ RiderWhite
52.9%

Today's Daily Dose

Missing Word
50 Cent Songs

Word Ladder
Close Gunshot

Quick Pick
Pop Punk Bands

Get the Picture
An 'S' in Disney

From the Vault

Things Made of Sushi

by BookishGirl98

Presentation really can do a lot for your meals.
Remove Ads.
Support Sporcle.
Get the best of Sporcle when you Go Orange. This ad-free experience offers more features, more stats, and more fun while also helping to support Sporcle. Thank you for becoming a member.

Show Comments

Extras

Top Quizzes Today


Score Distribution

Your Account Isn't Verified!

In order to create a playlist on Sporcle, you need to verify the email address you used during registration. Go to your Sporcle Settings to finish the process.

Report this User

Report this user for behavior that violates our Community Guidelines.

Details: